000 00678nam a2200205Ii 4500
003 JO-AjNU
008 230605s9999||||xx |||||||||||||| ||und||
017 _a1926
040 _aJO-AjNU
_bara
_erda
_cJO-AjNU
041 _aara
050 1 4 _aPN1707.M3688 1980
100 3 _aتأليف مندور،محمد,
_eauthor
_915198
245 0 0 _aفي المسرح العالمي
264 3 1 _aالقاهرة: دار نهضة مصر للطبع والنشر، 1900
300 _a230ص
336 _atext
_btxt
_2rdacontent
337 _aunmediated
_bn
_2rdamedia
338 _avolume
_bnc
_2rdacarrier
650 4 _a المسرح - تاريخ ونقد - المسرح العالمي
_915199
999 _aA4235
_c7803
_d7803